00326nam a2200121Ia 4500008004100000041000800041082001500049100001700064245004500081260004000126300002900166365000900195240624s9999 xx 000 0 und d aeng a658.15 STE aSTERN JOEL M aEVA CHALLENGE IMPLEMENTING VALUE ADDED C c2001aNew YorkbJohn Wiley and Sons av, : 250 : p. : cm. ; 23 cb30